Nicolás y Alejandra : el amor y la muerte en la Rusia imperial /

Investigación biográfica sobre los últimos zares de Rusia, Nicolás y Alejandra, llevada al cine unos años después en una popular película dirigida por el cineasta norteamericano Franklin J. Schaffner (1920-1989).

-д хадгалсан:
Номзүйн дэлгэрэнгүй
Үндсэн зохиолч: Massie, Robert K. (autor)
Бусад зохиолчид: Soler Chic, Juan (traducción) (traducción)
Формат: Ном
Хэвлэсэн: Barcelona : Ediciones B, 2004, c2004
Цуврал:(Biografía e Historia)
Нөхцлүүд:
Шошгууд: Шошго нэмэх
Шошго байхгүй, Энэхүү баримтыг шошголох эхний хүн болох!

MARC

LEADER 00000nam^a2200000^u^4500
001 000548226
005 20250522100102.0
008 060220s1000^^^^^^^^^^^^r^^^^^000^0^spa^d
009 20260310131448.87
020 |a 84-666-1986-0 
035 |a FMI 000017968 
037 |a Acervo Xavier Clavigero 
096 |a 3.4/8/B 
100 |a Massie, Robert K.  |e (autor) 
240 1 1 |a [Nicolás y Alejandra] 
245 1 0 |a Nicolás y Alejandra :  |b el amor y la muerte en la Rusia imperial /  |c R.K. Massie ; tr. por J. Soler. 
264 4 |a Barcelona :  |b Ediciones B,  |c 2004, c2004 
300 |a 679 p. 
336 |a texto  |b txt  |2 rdacontenido 
337 |a sin mediación  |b n  |2 rdamedio 
338 |a volumen  |b nc  |2 rdasoporte 
440 1 |a (Biografía e Historia) 
500 |a Traducción de: Nicholas and Alexandra: An Intimate Account of the Last of the Romanovs and the Fall of Imperial Rusia 
520 |a Investigación biográfica sobre los últimos zares de Rusia, Nicolás y Alejandra, llevada al cine unos años después en una popular película dirigida por el cineasta norteamericano Franklin J. Schaffner (1920-1989). 
649 |a XX 
650 |a Emperadores Rusos -  |x Biografías 
650 |a Jefes de Estado Rusos -  |x Biografías 
650 |a Políticos Rusos -  |x Biografías 
650 |a Mujeres Alemanas -  |x Biografías 
650 |a Política -  |z Rusia -  |x Historia -  |y Nicolás II, 1894-1917 
650 |a Rusia -  |x Historia -  |y Nicolás II, 1894-1917 -  |x Tema Principal 
650 |a Rusia -  |x Historia -  |y Casa Romanov, 1613-1917 
650 |a Rusia -  |x Historia -  |y Período Zarista, 1462-1917 
650 |a Rusia -  |x Historia -  |y Revolución de Octubre, 1917-1922 
650 |a Rusia -  |x Historia -  |y Siglo XX 
650 |a Nicolás II,  |c Emperador de Rusia -  |x Tema Principal 
650 |a Alejandra,  |c Emperatriz de Rusia -  |x Tema Principal 
700 |a Soler Chic, Juan  |e (traducción) 
910 |a Fondo Francisco Migoya Covarrubias S.J. 
920 |a Impresos - Libros 
930 |a Fondos Especiales 
905 |a 134 
901 |a SBC26561  |b IT2  |c ESP  |u 20250521 
902 |a https://opac.biblio.iteso.mx/vufind/Record/000548226